000
002480000a22000970004500
100
1
_a
Malunga, Chiku
245
1
0
_a
El modelo de la colmena para formación de equipos
300
_a
Núm 43 (2000), Páginas 10-11
773
0
_t
Paso a paso
942
_c
ANA
999
_c
52531
_d
52531